| 000 | 00636nam a22001337a 4500 | ||
|---|---|---|---|
| 040 | _cRUA | ||
| 082 | _aAGR SEA 2018 B655 Or.1 | ||
| 100 | _aSEANG SAMRAKSA,សៀង សំរក្សា | ||
| 245 | _aeffect of different stage to apply urea fertilizer on growth and yield of car 14 rice variety,ឥទិ្ធពលនៃដំណាក់កាលដាក់ជីអ៊ុយរ៉េផ្សេងគ្នាលើការលូតលាស់ និថទិន្នផលពូជស្រូវខា១៤ | ||
| 260 |
_aphnom penh _bRUA _c2018 |
||
| 300 |
_ax;43p; _bill; _c29cm; |
||
| 856 | _uSEANG SAMRAKSA | ||
| 942 | _cAGR | ||
| 999 |
_c18806 _d18806 |
||